| 000 | 00330nam a2200121Ia 4500 | ||
|---|---|---|---|
| 008 | 210430s9999 xx 000 0 und d | ||
| 082 | _a070 A287 T | ||
| 100 | _aB .N .Ahuja. M.A.J.D | ||
| 245 |
_aTheory and Practice Of Jouralism _cB .N .Ahuja. M.A.J.D |
||
| 260 |
_aindia _bB.N. Ahuja _c2010 |
||
| 300 | _a373p | ||
| 942 |
_cBK _2ddc |
||
| 999 |
_c562462 _d562462 |
||